000 00879nmm a2200289 a 4500
003 AR-BaBNM
005 20251128205300.0
008 277019s1996 ||||||||||||||000 | spa||
020 _a84-922190-0-9
040 _cAR-BaBNM
110 2 _aAlto Comisionado de las Naciones Unidas para los Refugiados
_9ACNUR
245 1 0 _aACNUR
_bun instrumento de paz
260 _aMadrid
_bACNUR
_c1996
300 0 _a125 p.
_bil.
500 0 _aACNUR: Alto Comisionado de las Naciones Unidas para los Refugiados
610 2 4 _aNaciones Unidas
650 4 _aPOLITICA INTERNACIONAL
650 4 _aDERECHO INTERNACIONAL
650 4 _aORGANIZACIONES INTERNACIONALES
650 4 _aCOOPERACION INTERNACIONAL
650 4 _aREFUGIADOS
650 4 _aDERECHOS HUMANOS
650 4 _aDERECHOS CIVILES Y POLITICOS
650 4 _aDERECHOS SOCIALES Y ECONOMICOS
942 _cBK
998 _claura
999 _c10725
_d10725